00435pab a2200157 454500008004000000100001600040245009500056260000900151300001600160362001000176650001800186650002100204700001900225700001300244773002000257180718b2009 xxu||||| |||| 00| 0 eng d aHooda, R.C. aHigher education in new world trade order in the age of globalization - a conceptual study c2009 ap.14-18,28. a5 Jan aGlobalization aHigher education aRajendra Kumar aNivedita aUniversity News